000 00268nam a22000977a 4500
999 _c23576
_d23576
003 Nust
005 20170519122245.0
008 131218b xxu||||| |||| 00| 0 eng d
020 _cAvailable
_a013260034X
040 _aDLC
_bDLC
_cRCMS
050 _a310 CAP
_b000863
082 _a310 CAP
100 _aCaplow, Theodore.
_91211
245 _aElementary Sociology
_cCaplow,Theodor
260 _aIslamabad
_bNational Book Foundation
_cc1971
300 _a503 p.
_bill:
_c25,cm.
500 _aSecond ed. published in 1975 under title: Sociology.
505 _aSociological Theory And Research (Page-2), Sociological Fields (Page-196), Macrosociology (Page-580)
538 _iShelf # 13, Row # 2, Fiction.
650 _aSociology.
_9367
856 _3Table of Content Only
942 _2ddc
_cFIC